000 01243nam a2200289 c 4500
003 BLK
005 20250609114830.0
008 180411b bul|||||r ||||||| ||bul||
010 _aKNG00211116000
040 _aBLK
041 _aBUL
_cBUL
080 _aПешеходен туризъм. Туристически походи
_b796.51
_x
_z796.51
100 _aМаринов, Борис Лазаров
_d1932 -
_gТуризъм, алпинизъм и ориентиране.
_9404630
700 1 _aКайков, Димитър Танев
_eсъавт.
_9369148
139 _aМаринов, Борис Лазаров и др.
_bМ 31
245 1 0 _aЕкстремни ситуации в туристическата дейност
_bНаучнопопул. очерк
_cБорис Лазаров Маринов; съавт. Димитър Танев Кайков.
257 _aBGR
260 София
_bМедицина и физкултура
_c1989
300 _a79 с.
_c20 см
380 _a79
852 _aЦб 158352
856 4 _qpdf
_u
856 4 _qpdf
_u
942 _cKNG
_n0
944 _aCR
_c10.08.2017
_k30560
_lГеновева Генчева
944 _aED
_c10.08.2017
_kНаталия_Любомирова
999 _c201671
_d201671